The concept of race = El concepto de raza /
Uloženo v:
| Hlavní autor: | |
|---|---|
| Médium: | Neznámo |
| Jazyk: | English |
| Vydáno: |
Londres :
Collier Books,
1969.
|
| Témata: | |
| Tagy: |
Přidat tag
Žádné tagy, Buďte první, kdo vytvoří štítek k tomuto záznamu!
|
MARC
| LEADER | 000000000a22000000004500 | ||
|---|---|---|---|
| 001 | 013604 | ||
| 041 | 0 | |a eng | |
| 082 | 0 | 4 | |a 572.19 |b M758c |
| 100 | 1 | |a Montagu, Ashley, |d 1905-1999. | |
| 245 | 1 | 4 | |a The concept of race = |b El concepto de raza / |c Ashley Montagu. |
| 246 | 3 | 1 | |a El concepto de raza |
| 260 | 1 | |a Londres : |b Collier Books, |c 1969. | |
| 300 | |a 260 páginas | ||
| 650 | 4 | |a RAZA | |
| 500 | |a Colección George Yúdice | ||
| 999 | |c 19521 |d 19521 | ||
| 942 | |c BK |h 572.19 M758c |2 z | ||
